<?xml version="1.0" encoding="UTF-8"?>
<record
    xmlns:xsi="http://www.w3.org/2001/XMLSchema-instance"
    xsi:schemaLocation="http://www.loc.gov/MARC21/slim http://www.loc.gov/standards/marcxml/schema/MARC21slim.xsd"
    xmlns="http://www.loc.gov/MARC21/slim">

  <leader>00761nam a22002297a 4500</leader>
  <controlfield tag="003">3228</controlfield>
  <controlfield tag="005">20251006115048.0</controlfield>
  <controlfield tag="008">251006b        sa ||||| |||| 00| 0 eng d</controlfield>
  <datafield tag="020" ind1=" " ind2=" ">
    <subfield code="a">9780007351053 ( paperback)</subfield>
  </datafield>
  <datafield tag="040" ind1=" " ind2=" ">
    <subfield code="a">MPL</subfield>
    <subfield code="b">English</subfield>
    <subfield code="c">3228</subfield>
    <subfield code="e">rda</subfield>
  </datafield>
  <datafield tag="041" ind1=" " ind2=" ">
    <subfield code="a">English</subfield>
  </datafield>
  <datafield tag="082" ind1=" " ind2="0">
    <subfield code="a">823.8 WILD</subfield>
  </datafield>
  <datafield tag="100" ind1=" " ind2=" ">
    <subfield code="9">196911</subfield>
    <subfield code="a">Wilde,Oscar </subfield>
    <subfield code="e">Author</subfield>
  </datafield>
  <datafield tag="245" ind1=" " ind2=" ">
    <subfield code="a"> Picture of Dorian Gray /</subfield>
    <subfield code="c">Oscar Wilde</subfield>
  </datafield>
  <datafield tag="260" ind1=" " ind2=" ">
    <subfield code="a"> [Place of publication not identified], </subfield>
    <subfield code="b">HarperCollins Publishers,</subfield>
    <subfield code="c">2010</subfield>
  </datafield>
  <datafield tag="300" ind1=" " ind2=" ">
    <subfield code="a"> 320 pages :  </subfield>
    <subfield code="c">18 cm</subfield>
  </datafield>
  <datafield tag="490" ind1=" " ind2=" ">
    <subfield code="a"> Collins classics</subfield>
  </datafield>
  <datafield tag="520" ind1=" " ind2=" ">
    <subfield code="a">HarperCollins is proud to present its new range of best-loved, essential classics</subfield>
  </datafield>
  <datafield tag="650" ind1=" " ind2="0">
    <subfield code="9">188490</subfield>
    <subfield code="a">English Fiction</subfield>
  </datafield>
  <datafield tag="700" ind1=" " ind2=" ">
    <subfield code="9">196912</subfield>
    <subfield code="a">Wilde,Oscar </subfield>
    <subfield code="e">Author</subfield>
  </datafield>
  <datafield tag="942" ind1=" " ind2=" ">
    <subfield code="2">ddc</subfield>
    <subfield code="c">BOOK</subfield>
    <subfield code="w">5815</subfield>
    <subfield code="x">Pontsho Maoko</subfield>
    <subfield code="y">5815</subfield>
    <subfield code="z">Pontsho Maoko</subfield>
  </datafield>
  <datafield tag="999" ind1=" " ind2=" ">
    <subfield code="c">786938</subfield>
    <subfield code="d">786937</subfield>
  </datafield>
  <datafield tag="952" ind1=" " ind2=" ">
    <subfield code="0">0</subfield>
    <subfield code="1">0</subfield>
    <subfield code="2">ddc</subfield>
    <subfield code="4">0</subfield>
    <subfield code="7">0</subfield>
    <subfield code="8">800</subfield>
    <subfield code="a">KWAML</subfield>
    <subfield code="b">PHUML</subfield>
    <subfield code="c">FIC</subfield>
    <subfield code="d">2025-10-06</subfield>
    <subfield code="l">0</subfield>
    <subfield code="o">823.8 WILD</subfield>
    <subfield code="p"> 33228031090214</subfield>
    <subfield code="r">2025-10-06</subfield>
    <subfield code="w">2025-10-06</subfield>
    <subfield code="y">BOOK</subfield>
  </datafield>
  <datafield tag="952" ind1=" " ind2=" ">
    <subfield code="0">0</subfield>
    <subfield code="1">0</subfield>
    <subfield code="2">ddc</subfield>
    <subfield code="4">0</subfield>
    <subfield code="7">0</subfield>
    <subfield code="a">LYDEL</subfield>
    <subfield code="b">SIMIL</subfield>
    <subfield code="d">2025-10-13</subfield>
    <subfield code="l">0</subfield>
    <subfield code="o">823.8 WILD</subfield>
    <subfield code="p">3322803184696</subfield>
    <subfield code="r">2025-10-13</subfield>
    <subfield code="w">2025-10-13</subfield>
    <subfield code="y">BOOK</subfield>
  </datafield>
</record>
